000 00454nam a2200181Ia 4500
008 100917s9999 xx 000 0 und d
082 _b52777
100 _aप्रभु प्रकाश
245 _aपालखी
260 _bमंदार प्रकाशन
_c1982
300 _a124
365 _b10
520 _aकथा
630 _aपालखी
650 _aकथा
730 _aपालखी
942 _cBOOK
999 _c658171
_d658168